[Event "GER-chT U16 Girls"]
[Site "Magdeburg"]
[Date "2023.12.29"]
[Round "6.8"]
[White "Prokscha, Marlene"]
[Black "Schwarzfischer, Ramona"]
[Result "1/2-1/2"]
[WhiteElo "1052"]
[BlackElo "988"]
[PlyCount "120"]
[EventDate "2023.12.26"]
[EventType "team-swiss"]
[EventRounds "7"]
[EventCountry "GER"]
[SourceTitle "CB03_2024"]
[SourceDate "2024.01.17"]
[SourceVersion "1"]
[SourceVersionDate "2024.01.17"]
[SourceQuality "1"]
[WhiteTeam "Garching II"]
[BlackTeam "Roding"]
[WhiteTeamCountry "GER"]
[BlackTeamCountry "GER"]

1. d4 c6 2. Nf3 d5 3. Bf4 Bf5 4. e3 Nf6 5. Bd3 Bg6 6. Nbd2 e6 7. Qe2 Nbd7 8. c3 Rc8 9. 0-0 c5 10. Rac1 Bxd3 11. Qxd3 a6 12. c4 Be7 13. a3 0-0 14. Rfe1 Qb6 15. Qb3 Rfd8 16. Qxb6 Nxb6 17. cxd5 Nbxd5 18. Bg5 h6 19. Bxf6 Bxf6 20. b3 cxd4 21. Rxc8 Rxc8 22. Nxd4 Bg5 23. N2f3 Bf6 24. g3 Rc3 25. Rb1 Be7 26. a4 Bc5 27. Kg2 Bxd4 28. Nxd4 Rd3 29. Kh3 Rd2 30. Kg2 Nxe3+ 31. Kf3 Nd5 32. Ne2 Rxe2 33. Kxe2 Nc3+ 34. Kd2 Nxb1+ 35. Kc2 Na3+ 36. Kb2 Kf8 37. Kxa3 Ke7 38. Kb4 Kd6 39. Kc4 e5 40. f3 Kc6 41. h3 Kd6 42. g4 g6 43. b4 f5 44. gxf5 gxf5 45. h4 f4 46. Kd3 Kd5 47. h5 b6 48. a5 bxa5 49. bxa5 Kc5 50. Ke4 Kb5 51. Kxe5 Kxa5 52. Kxf4 Kb5 53. Ke3 a5 54. f4 a4 55. f5 a3 56. f6 a2 57. f7 a1Q 58. f8Q Qe5+ 59. Kd3 Qd5+ 60. Ke3 Qb3+ 1/2-1/2

[Event "GER-chT U16 Girls"]
[Site "Magdeburg"]
[Date "2023.12.28"]
[Round "3.7"]
[White "Prokscha, Marlene"]
[Black "Chen, Michelle"]
[Result "1/2-1/2"]
[WhiteElo "1052"]
[BlackElo "1011"]
[PlyCount "96"]
[EventDate "2023.12.26"]
[EventType "team-swiss"]
[EventRounds "7"]
[EventCountry "GER"]
[SourceTitle "CB03_2024"]
[SourceDate "2024.01.17"]
[SourceVersion "1"]
[SourceVersionDate "2024.01.17"]
[SourceQuality "1"]
[WhiteTeam "Garching II"]
[BlackTeam "Norderstedt"]
[WhiteTeamCountry "GER"]
[BlackTeamCountry "GER"]

1. e4 e5 2. Nf3 Nc6 3. Bc4 Nf6 4. d3 h6 5. Nc3 Bc5 6. Be3 Bb6 7. 0-0 0-0 8. Bxb6 axb6 9. Re1 d6 10. h3 Na5 11. Bb3 Nxb3 12. axb3 Rxa1 13. Qxa1 Be6 14. Qd1 c5 15. Nb5 Bd7 16. Na3 Nh5 17. Nxe5 dxe5 18. Qxh5 Qf6 19. Nc4 Re8 20. Re3 Re7 21. Rf3 Qe6 22. Rf5 g6 23. Qg4 Kh7 24. Rf3 Qxg4 25. hxg4 Bxg4 26. Rg3 b5 27. Ne3 Be6 28. c4 bxc4 29. bxc4 b5 30. b3 bxc4 31. bxc4 Rd7 32. Nd5 Bxd5 33. exd5 Kg7 34. Rf3 Re7 35. Re3 g5 36. g3 g4 37. Re4 f5 38. Re3 Kf6 39. f4 exf4 40. Rxe7 Kxe7 41. gxf4 Kd6 42. Kg2 h5 43. Kg3 Kd7 44. Kh4 Kd6 45. Kg3 Kd7 46. Kh2 h4 47. Kg2 h3+ 48. Kh2 Kd6 1/2-1/2

[Event "GER-ch U25-C"]
[Site "Willingen"]
[Date "2023.05.31"]
[Round "5"]
[White "Kuehne, Malin"]
[Black "Prokscha, Marlene"]
[Result "1/2-1/2"]
[WhiteElo "1162"]
[BlackElo "1054"]
[PlyCount "94"]
[EventDate "2023.05.27"]
[EventType "swiss"]
[EventRounds "9"]
[EventCountry "GER"]
[SourceTitle "CBM 214 Extra"]
[Source "ChessBase"]
[SourceDate "2023.07.31"]
[SourceVersion "1"]
[SourceVersionDate "2023.07.31"]
[SourceQuality "1"]

1. d4 Nf6 2. c4 g6 3. Bf4 Bg7 4. h3 0-0 5. e3 d6 6. Nf3 c5 7. Qd2 Bf5 8. Nc3 cxd4 9. Nxd4 Ne4 10. Nxe4 Bxe4 11. f3 Bc6 12. Nxc6 Nxc6 13. Rd1 Be5 14. Bxe5 Nxe5 15. b3 Nc6 16. Be2 Qa5 17. Qxa5 Nxa5 18. Kf2 Rfd8 19. f4 e6 20. Bf3 Rac8 21. Rd2 b6 22. Rhd1 Nc6 23. Rxd6 Rxd6 24. Rxd6 Nb4 25. Rd7 a6 26. Ra7 b5 27. Be2 bxc4 28. Bxc4 Nxa2 29. Rxa6 Nb4 30. Rb6 Nc6 31. Ba6 Rc7 32. Rb7 Rxb7 33. Bxb7 Nb4 34. Bf3 Nd3+ 35. Kg3 Kf8 36. Be2 Nb4 37. Kf3 Ke7 38. Ke4 Kd6 39. Bc4 Ke7 40. Kd4 Kd6 41. e4 h6 42. Bb5 f6 43. Kc3 Kc5 44. Bc4 e5 45. fxe5 fxe5 46. g4 g5 47. Be2 Na2+ 1/2-1/2

[Event "GER-ch U25-C"]
[Site "Willingen"]
[Date "2023.05.28"]
[Round "1"]
[White "Prokscha, Marlene"]
[Black "Briese, Paul"]
[Result "0-1"]
[WhiteElo "1054"]
[BlackElo "1321"]
[PlyCount "156"]
[EventDate "2023.05.27"]
[EventType "swiss"]
[EventRounds "9"]
[EventCountry "GER"]
[SourceTitle "CBM 214 Extra"]
[Source "ChessBase"]
[SourceDate "2023.07.31"]
[SourceVersion "1"]
[SourceVersionDate "2023.07.31"]
[SourceQuality "1"]

1. e4 d6 2. Nc3 Nf6 3. Bc4 Nbd7 4. Nf3 h6 5. d3 e5 6. h3 Be7 7. Be3 b6 8. 0-0 Bb7 9. Qe2 0-0 10. a4 c6 11. d4 exd4 12. Bxd4 c5 13. Bxf6 Bxf6 14. Ra2 Bxc3 15. bxc3 Re8 16. Nd2 d5 17. Ba6 Bxa6 18. Qxa6 dxe4 19. Re1 Nf6 20. Nf1 Nd5 21. Qc4 Nf6 22. Ng3 Qd5 23. Qxd5 Nxd5 24. c4 Nf6 25. a5 Rab8 26. f3 exf3 27. Rxe8+ Nxe8 28. gxf3 Nd6 29. Ra4 b5 30. cxb5 Nxb5 31. Kf2 Nd4 32. Rc4 Rb2 33. Rxc5 Rxc2+ 34. Rxc2 Nxc2 35. Nf5 Nb4 36. Ne7+ Kf8 37. Nc8 a6 38. Na7 Nd3+ 39. Ke3 Ne5 40. Ke4 Nc4 41. Nc6 Ke8 42. Kd5 Kd7 43. Nb8+ Kc8 44. Nxa6 Nxa5 45. Kd6 Kd8 46. f4 Nc4+ 47. Kd5 Ne3+ 48. Ke4 Nd1 49. Kf3 Ke7 50. Nc7 Nc3 51. Kg4 Kd7 52. Na6 Nd5 53. Nc5+ Kd6 54. Ne4+ Ke6 55. Nc5+ Ke7 56. Ne4 Nf6+ 57. Nxf6 Kxf6 58. h4 Ke6 59. Kh5 Kd5 60. f5 Ke5 61. Kg4 g6 62. fxg6 fxg6 63. h5 g5 64. Kg3 Kf5 65. Kf3 g4+ 66. Kg3 Kg5 67. Kf2 Kxh5 68. Kg3 Kg5 69. Kf2 Kf4 70. Kg2 h5 71. Kh2 Kf3 72. Kg1 Kg3 73. Kh1 Kf2 74. Kh2 g3+ 75. Kh3 g2 76. Kh4 g1Q 77. Kxh5 Kf3 78. Kh4 Qg4# 0-1